Gaming Quiz

Random Gaming or Pokémon Quiz

Pokemon Sun and Moon Trial and Grand Trial Captains Quiz Stats

Quiz not verified by Sporcle

Also try: '90s Video Games
Challenge
Share
Tweet
Embed
Score 0/39 Timer 06:00
0 Plays Today
Type Answer % Correct
IlimaGumshoos
85.7%
KiaweMarowak
73%
IlimaSmeargle
68.3%
OliviaLycanroc
61.9%
NanuPersian
58.7%
HapuMudsdale
58.7%
AcerolaPalossand
57.1%
SophoclesTogedemaru
57.1%
SophoclesVikavolt
57.1%
HalaCrabrawler
55.6%
AcerolaSableye
52.4%
NanuSableye
52.4%
AcerolaDhelmise
50.8%
LanaAraquanid
49.2%
HalaMakuhita
49.2%
AcerolaFroslass
46%
MallowShiinotic
44.4%
MallowSteenee
44.4%
SophoclesGolem
44.4%
MinaShiinotic
44.4%
Type Answer % Correct
AcerolaDrifblim
41.3%
HalaMankey
39.7%
OliviaNosepass
39.7%
MinaRibombee
39.7%
OliviaBoldore
38.1%
NanuKrokorok
38.1%
HapuDugtrio
38.1%
MinaKlefki
36.5%
KiaweGrowlithe
34.9%
SophoclesMagnezone
34.9%
LanaChinchou
33.3%
MinaGranbull
33.3%
KiaweFletchinder
31.7%
MinaWigglytuff
31.7%
HapuGastrodon
31.7%
HapuFlygon
31.7%
LanaShellder
28.6%
MallowPhantump
25.4%
SophoclesElectivire
25.4%

You're not logged in!

Compare scores with friends on all Sporcle quizzes.
Join for Free
OR
Log In

You Might Also Like...

Show Comments

Extras

Top Quizzes Today


Score Distribution

Your Account Isn't Verified!

In order to create a playlist on Sporcle, you need to verify the email address you used during registration. Go to your Sporcle Settings to finish the process.

Report this User

Report this user for behavior that violates our Community Guidelines.

Details: